| 000 | 00909nam a2200289 i 4500 | ||
|---|---|---|---|
| 001 | bg | ||
| 100 | 1 | _aŁABANOWSKI, Jerzy | |
| 245 | 1 | 0 |
_aOcena procesów niszczenia rur katalitycznych w eksploatacji reformerów metanu / _cJerzy Łabanowski ; Politechnika Gdańska. |
| 260 |
_aGdańsk : _bWydaw. PG, _c2003. |
||
| 300 |
_a102, [2] s. : _bil. ; _c24 cm. |
||
| 490 | 1 |
_aMonografie / Politechnika Gdańska ; _v35 |
|
| 500 | _aStreszcz. pol., ang. | ||
| 504 | _aBibliogr. | ||
| 650 | 9 |
_aRury _xbadanie |
|
| 650 | 9 |
_aRury _xmechanika |
|
| 650 | 9 |
_aRury _xeksploatacja |
|
| 650 | 9 |
_aPiec przemysłowy _xeksploatacja |
|
| 650 | 9 |
_aPękanie _xmechanika |
|
| 830 | 0 |
_aMonografie (Politechnika Gdańska) ; _v35 |
|
| 020 | _a8373480390 | ||
| 040 | _cBPK | ||
| 041 | 0 |
_apol _beng |
|
| 080 | _a621.644:66.041:539.3/.4 | ||
| 920 | _a83-7348-039-0 | ||
| 942 | _cKS | ||
| 008 | s pl f |000 0 pol | ||
| 999 |
_c43082 _d43082 |
||
| 856 |
_uhttp://koha.tu.koszalin.pl/cgi-bin/koha/opac-detail.pl?biblionumber=43082 _yKatalog online BPK |
||